000 00727nam a22002417a 4500
003 DO-SdBNP
005 20240530073927.0
007 ta
008 221010b2022 dr ||||| |||| 00| 0 spa d
020 _a9789945221978
040 _aDO-SdBNP
_bspa
_cBNPHU
082 4 _aRD863.44
_bM425e
_222
100 _920625
_aMateo Vásquez, Eddy,
_d1954-
245 1 0 _aEn la última espera /
_cEddy Mateo Vásquez
260 _aSanto Domingo :
_bBúho,
_c2022.
300 _a150 p. ;
_c23 cm.
500 _aIncluye datos biográficos del autor en las solapas
590 _aInventariado, 2022/BT
650 0 _aNovela dominicana
_9223
650 4 _aLiteratura dominicana
910 _aValidado. Control de calidad MFF
942 _2ddc
_cLBS1
999 _c52543
_d52543